000 00653nam a2200217Ii 4500
003 JO-AjNU
008 230606s9999||||xx |||||||||||||| ||und||
020 _a978-81-203-4
040 _aJO-AjNU
_beng
_erda
_cJO-AjNU
041 _aeng
050 1 4 _aQA312.B37.2012
100 3 _aBasu a.k,
_eauthor
_93845
245 0 0 _a Measure theory and probability
250 _a2ed
264 3 1 _aPHILEARNING PRIVATE LIMITED:NEWDELHI,2010
300 _a222p
_b Includes bibliographical references and index
336 _atext
_btxt
_2rdacontent
337 _aunmediated
_bn
_2rdamedia
338 _avolume
_bnc
_2rdacarrier
650 4 _a Mealure theory 
_93846
999 _aE2005
_c2005
_d2005